Trade liberalization and tax reform in the southern mediterranean region
Salvato in:
| Autore principale: | |
|---|---|
| Natura: | Libro |
| Lingua: | inglese |
| Pubblicazione: |
Washington
IMF
1998
|
| Serie: | IMF Working Paper
49 |
| Soggetti: | |
| Tags: |
Nessun Tag, puoi essere il primo ad aggiungerne!!
|
MARC
| LEADER | 00000nam a2200000 4500 | ||
|---|---|---|---|
| 001 | c102594 | ||
| 005 | 20221221083815.5 | ||
| 041 | 0 | |a eng | |
| 044 | |a US | ||
| 245 | 1 | 0 | |a Trade liberalization and tax reform in the southern mediterranean region |c George T. Abed |
| 264 | 1 | |a Washington |b IMF |c 1998 | |
| 300 | |a 33 s. | ||
| 490 | 1 | |a IMF Working Paper |v 49 | |
| 830 | 0 | |a IMF Working Paper |v 49 | |
| 610 | 2 | 0 | |a dane |
| 610 | 2 | 0 | |a reformy daňové |
| 610 | 2 | 0 | |a liberalizácia |
| 610 | 2 | 0 | |a obchod |
| 610 | 2 | 0 | |a obchod medzinárodný |
| 610 | 2 | 0 | |a Alžírsko |
| 610 | 2 | 0 | |a Libanon |
| 610 | 2 | 0 | |a Maroko |
| 610 | 2 | 0 | |a Tunisko |
| 610 | 2 | 0 | |a clá |
| 610 | 2 | 0 | |a clá dovozné |
| 610 | 2 | 0 | |a clá vývozné |
| 610 | 2 | 0 | |a predpisy colné |
| 610 | 2 | 0 | |a predpisy daňové |
| 100 | 1 | |a Abed, George T. | |